Block Tales - Important Things - Statistics

General Stats
  • This quiz has been taken 44 times
  • The average score is 3 of 9
Answer Stats
Answer % Correct
Jeep Keys
48%
Spider
40%
Train Ticket
40%
Adventurer ID
36%
Dust
36%
Raw Turkey
36%
Blackrock Key
16%
Blackrock Diner Key
4%
Mysterious Bottle
4%
No matching quizzes found
Score Distribution
Percent of People with Each Score
Percentile by Number Answered
Your Score History
You have not taken this quiz